00663 2200229 4500001002100000005001700021008004100038020001800079035002400097090002200121100002000143245012300163260003100286300002900317650001000346850001200356980001300368985000600381999001500387999001500402999001600417YOGYA-0209000004117420090227025737.0 ind  a979-375-143-6 0010-020900000041174 a297.362bIst MlK aISTADI, Irawati aRamadhan for kidsbBimbingan untuk orang tua merancang kegiatan anak: penuh makna, ceria tanpa memaksacIrawati Istadi aBekasibPustaka Intic2007 avi, 170 hlmbilusc20 cm aPuasa aYOPDYOG a09012008 a3 a07B0029110 a07B0029112 a07BB0029111